<?xml version="1.0" encoding="UTF-8"?>
<marc:record xmlns:marc="http://www.loc.gov/MARC21/slim">
   <marc:leader>00000nam a2200000 a 4500</marc:leader>
   <marc:datafield ind1="1" ind2=" " tag="100">
      <marc:subfield code="a">Wittler, Tine</marc:subfield>
      <marc:subfield code="4">aut</marc:subfield>
      <marc:subfield code="e">Verfasser/-in</marc:subfield>
   </marc:datafield>
   <marc:datafield ind1="0" ind2="0" tag="245">
      <marc:subfield code="a">Wir wär'n dann so weit</marc:subfield>
   </marc:datafield>
   <marc:datafield ind1="0" ind2="0" tag="245">
      <marc:subfield code="b">Roman</marc:subfield>
   </marc:datafield>
   <marc:datafield ind1="0" ind2="0" tag="245">
      <marc:subfield code="c">Tine Wittler</marc:subfield>
   </marc:datafield>
   <marc:datafield ind1=" " ind2="1" tag="264">
      <marc:subfield code="a">Frankfurt, M.</marc:subfield>
      <marc:subfield code="b">Scherz</marc:subfield>
      <marc:subfield code="c">2009</marc:subfield>
   </marc:datafield>
   <marc:datafield ind1="1" ind2=" " tag="520">
      <marc:subfield code="a">Angaben aus der Verlagsmeldung

Wir wär'n dann so weit : Roman / von Tine Wittler

Die beiden Freundinnen Mona und Marnie könnten zufrieden sein: Ihre neu eröffnete Bar läuft super. Es hat sich herumgesprochen, dass es Glück bringt, auf ihrem Elvis-Tresen zu tanzen. Doch hinter der Theke herrscht dicke Luft: Mona, die auch noch beim Fernsehen arbeitet, muss ins Bauernhofcamp »Land &amp; Lust«, wo fiese Heugabel-Intrigen warten – und Marnie hat die ganze Arbeit in der Bar am Hals. Als dort dann noch der Elvis geklaut wird, steht auf einmal alles auf der Kippe, was den beiden wichtig ist: Freundschaft, Liebe, Ehrlichkeit und Trinkfestigkeit.
Der turbulente Freundinnen-Roman von Bestsellerautorin Tine Wittler.

»Tine Wittler ist ein Naturtalent im Erzählen.« Heike Gätjen, Hamburger Abendblatt
»Viel Wortwitz und ein extrem locker-flockiger Erzählstil bewirken, dass man bei Tine Wittlers Büchern aus dem Dauergrinsen gar nicht mehr herauskommt.« Nadja Schneider auf amazon.de
</marc:subfield>
   </marc:datafield>
   <marc:datafield ind1=" " ind2=" " tag="020">
      <marc:subfield code="a">9783502110545</marc:subfield>
      <marc:subfield code="9">9783502110545</marc:subfield>
   </marc:datafield>
   <marc:datafield ind1=" " ind2=" " tag="041">
      <marc:subfield code="a">ger</marc:subfield>
   </marc:datafield>
   <marc:datafield ind1=" " ind2=" " tag="300">
      <marc:subfield code="a">345 S.</marc:subfield>
   </marc:datafield>
</marc:record>
